[Event "GER-chT North U16"]
[Site "Berlin"]
[Date "2012.09.06"]
[Round "1.1"]
[White "Lansky, Georg"]
[Black "Neaga, Horia Dumitru Iusti"]
[Result "1-0"]
[WhiteElo "1827"]
[BlackElo "1818"]
[PlyCount "123"]
[EventDate "2012.09.06"]
[EventType "team-swiss"]
[EventRounds "7"]
[EventCountry "GER"]
[SourceTitle "EXT 2015"]
[Source "ChessBase"]
[SourceDate "2014.11.20"]
[SourceVersion "1"]
[SourceVersionDate "2014.11.20"]
[SourceQuality "1"]
[WhiteTeam "Neubrandenburg"]
[BlackTeam "Luebeck"]
[WhiteTeamCountry "GER"]
[BlackTeamCountry "GER"]

1. e4 d5 2. exd5 Qxd5 3. Nc3 Qd6 4. d4 Nf6 5. Bc4 c6 6. Nge2 Bg4 7. f3 Bf5 8. Bf4 Qb4 9. Bb3 e6 10. Qd2 Nbd7 11. 0-0-0 Nb6 12. Ng3 Bg6 13. Nce4 Qxd2+ 14. Rxd2 Nfd5 15. Bd6 0-0-0 16. Bxf8 Rhxf8 17. c4 Ne3 18. c5 Nbd5 19. Bxd5 Nxd5 20. Nd6+ Kc7 21. Nge4 h6 22. a3 Ne7 23. b4 f5 24. Nc3 Nc8 25. Nc4 b5 26. Ne5 Bh7 27. f4 Ne7 28. Re1 Bg8 29. Kc2 Nd5 30. Nxd5+ Rxd5 31. Kc3 g5 32. g3 Rfd8 33. a4 Kb7 34. axb5 cxb5 35. Ra1 a6 36. Rda2 Ra8 37. Kd3 Rdd8 38. Ke3 Rf8 39. c6+ Kc7 40. Rxa6 Rxa6 41. Rxa6 Rc8 42. Ra7+ Kb6 43. Rb7+ Ka6 44. Rd7 Kb6 45. fxg5 hxg5 46. h4 gxh4 47. gxh4 f4+ 48. Kf3 Ra8 49. Rb7+ Ka6 50. h5 Rd8 51. Rd7 Rf8 52. h6 Kb6 53. h7 Bxh7 54. Rxh7 Rg8 55. Kxf4 Rf8+ 56. Rf7 Rh8 57. c7 Kb7 58. Rd7 Rh4+ 59. Kg5 Rh1 60. Kf6 Rh6+ 61. Ke7 Kc8 62. Kd6 1-0

[Event "Senta op-A 15th"]
[Site "Senta"]
[Date "2011.07.20"]
[Round "6"]
[White "Miladinovic, Lena"]
[Black "Neaga, Horia Dumitru Iusti"]
[Result "0-1"]
[WhiteElo "2074"]
[BlackElo "1794"]
[PlyCount "182"]
[EventDate "2011.07.16"]
[EventType "swiss"]
[EventRounds "9"]
[EventCountry "SRB"]
[SourceTitle "CBM 143 Extra"]
[Source "ChessBase"]
[SourceDate "2011.08.29"]
[SourceVersion "1"]
[SourceVersionDate "2011.08.29"]
[SourceQuality "1"]

1. d4 d5 2. Nf3 Nf6 3. c4 e6 4. Bg5 Be7 5. e3 Nbd7 6. Nc3 c6 7. Rc1 0-0 8. Bd3 dxc4 9. Bxc4 Nd5 10. Bxe7 Qxe7 11. Ne4 N5f6 12. Nxf6+ Qxf6 13. 0-0 e5 14. e4 exd4 15. Qxd4 Qe7 16. e5 Nb6 17. Bd3 Be6 18. Bb1 Bd5 19. Nh4 Qg5 20. g3 Rad8 21. Qd3 Qh5 22. Qe3 Nc4 23. Qf4 Nxe5 24. Rfe1 Ng6 25. Qf5 Qh6 26. Ng2 Rde8 27. h4 Ne5 28. Rc3 g6 29. Qxe5 Rxe5 30. Rxe5 Bxg2 31. Kxg2 Qd2 32. Rb3 Qd6 33. Ree3 b6 34. Be4 f5 35. Bf3 f4 36. Rbd3 Qf6 37. Re2 fxg3 38. fxg3 Kg7 39. Rf2 Rf7 40. Rdd2 Qe6 41. a3 a5 42. Rde2 Qd6 43. Rd2 Qc7 44. Rd3 c5 45. a4 c4 46. Rc3 Qc5 47. Rd2 Qb4 48. Bc6 Rf6 49. Bb5 Rd6 50. Rdc2 Rd4 51. Kh3 h5 52. Kh2 Qd6 53. Rxc4 Rd2+ 54. Rxd2 Qxd2+ 55. Kh3 Qxb2 56. Rc7+ Kh6 57. Rc6 Qd4 58. Rc2 Qe4 59. Re2 Qf3 60. Kh2 g5 61. Re6+ Kg7 62. hxg5 Qf2+ 63. Kh1 Qxg3 64. Re2 h4 65. Rg2 Qh3+ 66. Kg1 Qe3+ 67. Kh2 Kg6 68. Rg4 Kh5 69. Rg2 Qf4+ 70. Kh3 Qf5+ 71. Kh2 h3 72. Be2+ Kg6 73. Bg4 Qf4+ 74. Kxh3 Qxa4 75. Be2 Qd4 76. Rg3 a4 77. Bd3+ Kg7 78. Bb5 Qb4 79. Bd7 a3 80. Be6 Qb2 81. Rg2 Qc3+ 82. Rg3 Qc1 83. Rf3 Qxg5 84. Rg3 Qxg3+ 85. Kxg3 Kf6 86. Bg8 Ke5 87. Kf3 Kd4 88. Ke2 Kc3 89. Kd1 Kb2 90. Kd2 b5 91. Kd3 b4 0-1

[Event "Senta op-A 15th"]
[Site "Senta"]
[Date "2011.07.18"]
[Round "4"]
[White "Radusinovic, Lazar"]
[Black "Neaga, Horia Dumitru Iusti"]
[Result "1-0"]
[WhiteElo "2283"]
[BlackElo "1794"]
[PlyCount "57"]
[EventDate "2011.07.16"]
[EventType "swiss"]
[EventRounds "9"]
[EventCountry "SRB"]
[SourceTitle "CBM 143 Extra"]
[Source "ChessBase"]
[SourceDate "2011.08.29"]
[SourceVersion "1"]
[SourceVersionDate "2011.08.29"]
[SourceQuality "1"]

1. d4 d5 2. c4 e6 3. Nc3 Nf6 4. Nf3 Nbd7 5. e3 c6 6. Bd3 Bd6 7. 0-0 0-0 8. e4 dxe4 9. Nxe4 Nxe4 10. Bxe4 f5 11. Bd3 e5 12. c5 Bc7 13. Ng5 Nf6 14. Bc4+ Nd5 15. dxe5 Bxe5 16. Nf3 Bf6 17. Bf4 Be6 18. Bd6 Be7 19. Nd4 Bc8 20. Nxc6 bxc6 21. Bxd5+ cxd5 22. Qxd5+ Kh8 23. Qxa8 Bxd6 24. cxd6 Qxd6 25. Qxa7 Qd5 26. Rfd1 Qe4 27. Qd4 Qe7 28. Qd6 Qf7 29. Rac1 1-0

[Event "ROM-ch U14"]
[Site "Voineasa"]
[Date "2010.04.13"]
[Round "8"]
[White "Neaga, Horia Dumitru Iusti"]
[Black "Burlacu, Valentin Sebastian"]
[Result "1-0"]
[WhiteElo "1698"]
[BlackElo "1692"]
[PlyCount "97"]
[EventDate "2010.04.08"]
[EventType "swiss"]
[EventRounds "9"]
[EventCountry "ROU"]
[SourceTitle "EXT 2020"]
[Source "ChessBase"]
[SourceDate "2019.10.17"]
[SourceVersion "1"]
[SourceVersionDate "2019.10.17"]
[SourceQuality "1"]

1. d4 Nf6 2. Nf3 c5 3. e3 g6 4. b3 Bg7 5. Bb2 0-0 6. Bd3 Nc6 7. a3 cxd4 8. exd4 d6 9. 0-0 Nd7 10. Qc1 Re8 11. Bc4 h6 12. Qf4 Rf8 13. Bc3 Nb6 14. d5 Nxc4 15. Bxg7 Kxg7 16. Qxc4 Nb8 17. Qd4+ Kg8 18. c4 Nd7 19. Re1 Re8 20. Nc3 Nf6 21. Ne4 Nxe4 22. Rxe4 Qb6 23. Qd2 Kg7 24. Qc3+ f6 25. Rae1 Kf7 26. b4 Bf5 27. R4e3 Bg4 28. Nd4 Rac8 29. h3 Bd7 30. Qd3 Qd8 31. Rg3 Rg8 32. Ne6 Qe8 33. h4 Bxe6 34. dxe6+ Kg7 35. Ree3 h5 36. Rxg6+ Qxg6 37. Rg3 Kh7 38. Rxg6 Rxg6 39. Qd5 Rc6 40. Qxh5+ Kg7 41. Qb5 Rc7 42. Qd7 Rxc4 43. Qxe7+ Kh6 44. Qf8+ Kh5 45. e7 Rc1+ 46. Kh2 Kxh4 47. e8Q Rg5 48. Qh6+ Kg4 49. Qe4# 1-0

[Event "ROM-ch U12 Boys"]
[Site "Voineasa"]
[Date "2008.04.15"]
[Round "5"]
[White "Ciocanaru, Andrei"]
[Black "Neaga, Horia Dumitru Iusti"]
[Result "0-1"]
[WhiteElo "521"]
[BlackElo "752"]
[PlyCount "124"]
[EventDate "2008.04.08"]
[EventType "swiss"]
[EventRounds "9"]
[EventCountry "ROU"]
[SourceTitle "EXT 2013"]
[Source "ChessBase"]
[SourceDate "2012.11.22"]
[SourceVersion "1"]
[SourceVersionDate "2012.11.22"]
[SourceQuality "1"]

1. e4 c5 2. Nf3 d6 3. Bc4 e6 4. d4 cxd4 5. Nxd4 d5 6. exd5 exd5 7. Bb3 Nc6 8. Nc3 Bb4 9. 0-0 Bxc3 10. bxc3 Nge7 11. Re1 0-0 12. Bg5 f6 13. Bf4 Ng6 14. Bg3 Nce5 15. f4 Bg4 16. Qd2 Nc4 17. Bxc4 dxc4 18. h3 Bc8 19. Qe2 Qc7 20. Qe3 Bd7 21. Rad1 Rfe8 22. Qf2 a6 23. Rd2 Rxe1+ 24. Qxe1 Re8 25. Re2 Rxe2 26. Qxe2 Qc5 27. Qe4 Qc7 28. f5 Ne5 29. Qd5+ Kh8 30. Ne6 Qc6 31. Qxc6 Nxc6 32. Kf2 Kg8 33. Kf3 Kf7 34. Nc5 Bc8 35. Ke4 b6 36. Na4 b5 37. Nb6 Bb7 38. Nd5 Ne7 39. Bd6 Bxd5+ 40. Kd4 Bxg2 41. h4 Nxf5+ 42. Kc5 Nxd6 43. Kxd6 f5 44. Ke5 g6 45. h5 Be4 46. hxg6+ hxg6 47. Kd4 g5 48. Ke3 Bxc2 49. Kf3 Ke6 50. Kf2 Ke5 51. Ke2 g4 52. Kf2 Ke4 53. Kg2 f4 54. Kf2 g3+ 55. Kg2 Ke3 56. Kg1 f3 57. Kf1 Bd3+ 58. Kg1 f2+ 59. Kg2 f1Q+ 60. Kxg3 Qg1+ 61. Kh4 Kf4 62. Kh5 Qg5# 0-1